Konvenience pro hygienu
Dejiny hygieny a toaletného papiera. Obmeny a inovácie papierových vreckoviek v minulosti a dnes. Použitie kuchynského papiera. Produkty dámskej hygieny a detské plienky.
Gespeichert in:
| Format: | Buch |
|---|---|
| Sprache: | Tschechisch |
| Schlagworte: | |
| Tags: |
Keine Tags, Fügen Sie das erste Tag hinzu!
|
MARC
| LEADER | 00000nam a2200000 4500 | ||
|---|---|---|---|
| 001 | r030721 | ||
| 005 | 20230727090849.5 | ||
| 041 | 0 | |a cze | |
| 044 | |a CZ | ||
| 245 | 1 | 0 | |a Konvenience pro hygienu |
| 520 | |a Dejiny hygieny a toaletného papiera. Obmeny a inovácie papierových vreckoviek v minulosti a dnes. Použitie kuchynského papiera. Produkty dámskej hygieny a detské plienky. | ||
| 610 | 2 | 0 | |a hygiena |
| 610 | 2 | 0 | |a papier |
| 610 | 2 | 0 | |a inovácia |
| 610 | 2 | 0 | |a história |
| 610 | 2 | 0 | |a Tempo |